[Event "POL-chT3 Kujawsko Pomorskie 1617"]
[Site "Poland"]
[Date "2017.??.??"]
[Round "4.8"]
[White "Darowicki, Mariusz"]
[Black "Chodorowski, Dawid"]
[Result "1-0"]
[WhiteElo "1926"]
[BlackElo "1872"]
[PlyCount "131"]
[EventDate "2016.11.06"]
[EventType "team-tourn"]
[EventRounds "9"]
[EventCountry "POL"]
[SourceTitle "EXT 2018"]
[Source "ChessBase"]
[SourceDate "2017.10.13"]
[SourceVersion "1"]
[SourceVersionDate "2017.10.13"]
[SourceQuality "1"]

1. d4 g6 2. e4 Bg7 3. Nf3 c5 4. dxc5 Qa5+ 5. c3 Qxc5 6. Be3 Qa5 7. Nbd2 d6 8. Bd3 Nc6 9. Nc4 Qc7 10. Rc1 Nf6 11. 0-0 0-0 12. Nd4 Ng4 13. Nb5 Qb8 14. Bf4 Nge5 15. Be2 Nxc4 16. Bxc4 a6 17. Nd4 Na5 18. Be2 e5 19. b4 exf4 20. bxa5 b5 21. axb6 Qxb6 22. Rb1 Qc5 23. Qd2 Be5 24. Rfc1 Ra7 25. Rb4 Bd7 26. Nb3 Qc7 27. Rc4 Qb6 28. Nd4 Rb8 29. Rb4 Qc7 30. Rcb1 Rc8 31. c4 Bc6 32. Nxc6 Qxc6 33. Qd5 Qxd5 34. exd5 Rc5 35. Ra4 h5 36. Kf1 Bd4 37. Bd3 Kg7 38. Ra3 Rcc7 39. Rb8 Re7 40. Rc8 Rab7 41. Rb3 a5 42. Rc6 Bc5 43. Rb5 Bb4 44. Be2 Rxb5 45. cxb5 Kf6 46. b6 Rb7 47. Ba6 Re7 48. Rc1 Bc5 49. b7 Re8 50. Bb5 Rb8 51. Bc6 Bd4 52. Ke2 Ke7 53. Kd3 Bc5 54. Re1+ Kd8 55. Re8+ Kc7 56. Re7+ Kb6 57. Rxf7 Bxf2 58. Rxf4 Bg1 59. h3 Bh2 60. Rf1 Be5 61. Rb1+ Ka6 62. a4 g5 63. Ke4 h4 64. Kf5 Bf4 65. Ke6 Ka7 66. Kd7 1-0

[Event "POL-chT3 Kujawsko Pomorskie 1516"]
[Site "Poland"]
[Date "2016.01.31"]
[Round "5"]
[White "Michalak, Krzysztof"]
[Black "Chodorowski, Dawid"]
[Result "0-1"]
[WhiteElo "1542"]
[BlackElo "1843"]
[PlyCount "46"]
[EventDate "2015.11.08"]
[EventType "team-tourn"]
[EventRounds "9"]
[EventCountry "POL"]
[SourceTitle "EXT 2019"]
[Source "ChessBase"]
[SourceDate "2018.10.10"]
[SourceVersion "1"]
[SourceVersionDate "2018.10.10"]
[SourceQuality "1"]

1. d4 g6 2. c4 Bg7 3. Nc3 c5 4. d5 Bxc3+ 5. bxc3 f5 6. e4 fxe4 7. f3 Nf6 8. Qc2 d6 9. Bh6 Nbd7 10. fxe4 Ng4 11. Bg5 0-0 12. Nf3 Nde5 13. Be2 Nf7 14. Bh4 Ne3 15. Qd2 Nxg2+ 16. Kd1 Nxh4 17. Nxh4 e5 18. Qe1 Qg5 19. Rg1 Qf4 20. Kc2 Ng5 21. Rd1 Nh3 22. Rg3 Qxe4+ 23. Bd3 Qxe1 0-1

[Event "POL-chT3 Kujawsko Pomorskie 1516"]
[Site "Poland"]
[Date "2016.01.10"]
[Round "4"]
[White "Chodorowski, Dawid"]
[Black "Kubiak, Leszek"]
[Result "1-0"]
[WhiteElo "1843"]
[BlackElo "1904"]
[PlyCount "63"]
[EventDate "2015.11.08"]
[EventType "team-tourn"]
[EventRounds "9"]
[EventCountry "POL"]
[SourceTitle "EXT 2019"]
[Source "ChessBase"]
[SourceDate "2018.10.10"]
[SourceVersion "1"]
[SourceVersionDate "2018.10.10"]
[SourceQuality "1"]

1. g3 d5 2. Bg2 Nf6 3. c4 c6 4. Nf3 e6 5. b3 Bd6 6. Bb2 Nbd7 7. Nc3 0-0 8. 0-0 Re8 9. d4 dxc4 10. bxc4 e5 11. e3 exd4 12. exd4 Nf8 13. Qd3 Qa5 14. d5 cxd5 15. Nxd5 Nxd5 16. cxd5 Ng6 17. Rfe1 Bd7 18. a3 Rac8 19. h4 f6 20. h5 Ne5 21. Nxe5 Bxe5 22. Bxe5 Rxe5 23. Rxe5 fxe5 24. Rb1 b6 25. Qe3 Qc5 26. Qxe5 Qxa3 27. Ra1 Rc1+ 28. Rxc1 Qxc1+ 29. Kh2 Qh6 30. Bh3 Bb5 31. Be6+ Kf8 32. Qb8+ 1-0

[Event "POL-chT3 Kujawsko Pomorskie 1516"]
[Site "Poland"]
[Date "2015.11.22"]
[Round "2"]
[White "Chodorowski, Dawid"]
[Black "Dahms, Medard"]
[Result "1-0"]
[WhiteElo "1843"]
[BlackElo "1173"]
[PlyCount "65"]
[EventDate "2015.11.08"]
[EventType "team-tourn"]
[EventRounds "9"]
[EventCountry "POL"]
[SourceTitle "EXT 2019"]
[Source "ChessBase"]
[SourceDate "2018.10.10"]
[SourceVersion "1"]
[SourceVersionDate "2018.10.10"]
[SourceQuality "1"]

1. g3 e5 2. Bg2 Nf6 3. c4 c6 4. Nc3 d5 5. cxd5 cxd5 6. d4 e4 7. Nh3 Be6 8. Nf4 Bb4 9. 0-0 Bxc3 10. Nxe6 fxe6 11. bxc3 h5 12. h4 Nc6 13. Rb1 b6 14. f3 exf3 15. Bxf3 Ne7 16. Qd3 Qd7 17. Bf4 Qa4 18. Be5 Rc8 19. Qd2 Kf7 20. Qg5 Neg8 21. Bxh5+ Rxh5 22. Qxh5+ Ke7 23. Qg6 Rf8 24. Qxg7+ Rf7 25. Qg5 Qxa2 26. Ra1 Qxe2 27. Rxa7+ Ke8 28. Rxf7 Kxf7 29. Bxf6 Nxf6 30. Rxf6+ Ke7 31. Qg7+ Kd6 32. Qf8+ Kc6 33. Qe8+ 1-0

[Event "POL-chT3 Kujawsko Pomorskie 1314"]
[Site "Poland"]
[Date "2014.??.??"]
[Round "11.8"]
[White "Chodorowski, Dawid"]
[Black "Cichocki, Konrad"]
[Result "1/2-1/2"]
[WhiteElo "1718"]
[BlackElo "1945"]
[PlyCount "61"]
[EventDate "2013.11.03"]
[EventType "team-tourn"]
[EventRounds "11"]
[EventCountry "POL"]
[SourceTitle "EXT 2018"]
[Source "ChessBase"]
[SourceDate "2017.10.13"]
[SourceVersion "1"]
[SourceVersionDate "2017.10.13"]
[SourceQuality "1"]
[WhiteTeam "Inowroclaw OSiR Pozkal"]
[BlackTeam "Wloclawek 1938"]
[WhiteTeamCountry "POL"]
[BlackTeamCountry "POL"]

1. Nf3 Nf6 2. d4 e6 3. Bf4 c5 4. e3 d5 5. Nbd2 Nc6 6. c3 Be7 7. h3 0-0 8. Bd3 b6 9. 0-0 Bb7 10. Re1 Rc8 11. a4 Bd6 12. Ne5 Qc7 13. Nxc6 Bxc6 14. Bxd6 Qxd6 15. Nf3 Rfd8 16. Ne5 Bb7 17. Qe2 Rc7 18. f3 Nd7 19. Nxd7 Rcxd7 20. Qf2 g6 21. f4 f5 22. Qe2 c4 23. Bc2 Rc8 24. Qf2 a6 25. Qh4 Qe7 26. Qxe7 Rxe7 27. Kf2 h6 28. g4 Rg7 29. Rg1 Rcc7 30. Ke2 Kf8 31. Kd2 1/2-1/2

[Event "POL-chT3 Kujawsko Pomorskie 1314"]
[Site "Poland"]
[Date "2014.??.??"]
[Round "9.18"]
[White "Chodorowski, Dawid"]
[Black "Wisniewski, Przemyslaw"]
[Result "1/2-1/2"]
[WhiteElo "1718"]
[BlackElo "2057"]
[PlyCount "62"]
[EventDate "2013.11.03"]
[EventType "team-tourn"]
[EventRounds "11"]
[EventCountry "POL"]
[SourceTitle "EXT 2018"]
[Source "ChessBase"]
[SourceDate "2017.10.13"]
[SourceVersion "1"]
[SourceVersionDate "2017.10.13"]
[SourceQuality "1"]
[WhiteTeam "Inowroclaw OSiR Pozkal"]
[BlackTeam "Bydgoszcz Wiartrak"]
[WhiteTeamCountry "POL"]
[BlackTeamCountry "POL"]

1. Nf3 d5 2. d4 Nf6 3. Bf4 Bf5 4. e3 e6 5. Bd3 Ne4 6. Qe2 c6 7. Nbd2 Be7 8. 0-0 Nd7 9. c4 h5 10. cxd5 exd5 11. h4 Bxh4 12. Nxh4 Qxh4 13. Bxe4 Bxe4 14. Nxe4 dxe4 15. d5 0-0 16. dxc6 bxc6 17. Rfd1 Nf6 18. Bg3 Qg5 19. Bf4 Qb5 20. Qxb5 cxb5 21. f3 exf3 22. gxf3 Rfd8 23. e4 Rac8 24. Rxd8+ Rxd8 25. Rc1 h4 26. Bg5 Rd3 27. Kf2 h3 28. Ke2 Rd7 29. Bxf6 gxf6 30. Rh1 Rc7 31. Kd1 Rd7+ 1/2-1/2